书目信息 |
| 题名: |
公路建设相关法律法规手册
|
|
| 作者: | ;公路建设相关法律法规手册编委会 编 | |
| 分册: | ||
| 出版信息: | 北京 中国标准出版社 2003.06 |
|
| 页数: | 204页 | |
| 开本: | 20cm | |
| 丛书名: | 公路工程建设与质量检验丛书 | |
| 单 册: | ||
| 中图分类: | D922.296-62 | |
| 科图分类: | ||
| 主题词: | 道路工程--施工管理--法规--中国--手册 | |
| 电子资源: | ||
| ISBN: | 7-5066-3076-1 | |
| 000 | 01257nam 22002417 4500 | |
| 001 | 192004003536 | |
| 005 | 20070910093411.51 | |
| 010 | @a7-5066-3076-1@dCNY16.00 | |
| 100 | @a20070602d2003 ekmy0chiy0121 ea | |
| 101 | 0 | @achi |
| 102 | @aCN@b110000 | |
| 105 | @ay z 000yy | |
| 200 | 1 | @a公路建设相关法律法规手册@Agong lu jian she xiang guan fa lv fa gui shou ce@f《公路建设相关法律法规手册》编委会编 |
| 210 | @a北京@c中国标准出版社@d2003.06 | |
| 215 | @a204页@d20cm | |
| 225 | 2 | @a公路工程建设与质量检验丛书@Agong lu gong cheng jian she yu zhi liang jian yan cong shu |
| 330 | @a本书介绍随着我国改革开放的深入和经济的高速发展,我国的公路建设进入了高速发展时期。为使公路工程建设实现法制化、标准化、规范化、程序化,使从事公路工程建设的管理工作者有法可依、有章可循,依据国家发布的现行法律法规和相关规章、制度汇成有关公路建设方面的政策、法律法规汇编共34项。该汇编为广大工程技术、工程管理人员提出政策、法律方面的依据和支持,同时也是公路工程建设的实施准则。 | |
| 410 | 0 | @12001 @a公路工程建设与质量检验丛书 |
| 606 | 0 | @a道路工程@x施工管理@x法规@y中国@j手册 |
| 690 | @aD922.296-62@v4 | |
| 711 | 02 | @a公路建设相关法律法规手册编委会@Agong lu jian she xiang guan fa lv fa gui shou ce bian wei hui@4编 |
| 801 | 0 | @aCN@c20070910 |
| 905 | @dD922.296-62@eG364 | |
| 公路建设相关法律法规手册/《公路建设相关法律法规手册》编委会编.-北京:中国标准出版社,2003.06 |
| 204页;20cm.-(公路工程建设与质量检验丛书) |
| ISBN 7-5066-3076-1:CNY16.00 |
| 本书介绍随着我国改革开放的深入和经济的高速发展,我国的公路建设进入了高速发展时期。为使公路工程建设实现法制化、标准化、规范化、程序化,使从事公路工程建设的管理工作者有法可依、有章可循,依据国家发布的现行法律法规和相关规章、制度汇成有关公路建设方面的政策、法律法规汇编共34项。该汇编为广大工程技术、工程管理人员提出政策、法律方面的依据和支持,同时也是公路工程建设的实施准则。 |
| ● |
| 相关链接 |
|
|
|
正题名:公路建设相关法律法规手册
索取号:D922.296-62/G364
 
预约/预借
| 序号 | 登录号 | 条形码 | 馆藏地/架位号 | 状态 | 备注 |
| 1 | 620010 | 206200109 | 社科库509/509社科库 88排3列3层/ [索取号:D922.296-62/G364] | 在馆 | |
| 2 | 620011 | 206200118 | 社科库509/509社科库 88排3列3层/ [索取号:D922.296-62/G364] | 在馆 | |
| 3 | 620012 | 206200127 | 社科库509/509社科库 88排3列3层/ [索取号:D922.296-62/G364] | 在馆 |